000
00310nam a22001337a 4500
008
171016b xxu||||| |||| 00| 0 eng d
020
_a
0262691124
041
_a
eng
080
_a
33
100
_a
52
101
_a
EKO
245
_a
A GAME-THEORETIC APPROACH TO POLITICAL ECONOMY
_c
SHUBIK,M
942
_2
udc
_c
BK
999
_c
34044
_d
34044